| 000 | 00785nam a2200241 i 4500 | ||
|---|---|---|---|
| 001 | bg | ||
| 100 | 1 | _aWAC-WŁODARCZYK, Andrzej | |
| 245 | 1 | 0 |
_aZbiór zadań z elektrotechniki teoretycznej : _banaliza stanów nieustalonych w obwodach liniowych / _cAndrzej Wac-Włodarczyk ; Politechnika Lubelska. |
| 260 |
_aLublin : _bWydaw. Politechniki Lubelskiej, _c2003. |
||
| 300 |
_a109 s. : _bil. ; _c24 cm. |
||
| 504 | _aBibliogr. | ||
| 650 | 9 |
_aElektrotechnika _xteoria |
|
| 650 | 9 | _aUkłady elektryczne | |
| 655 | _aĆwiczenia i zadania dla szkół wyższych | ||
| 710 | 0 | _aPolitechnika Lubelska | |
| 020 | _a8389246716 | ||
| 040 | _cBPK | ||
| 041 | 0 | _apol | |
| 080 | _a621.3(075.8)(076) | ||
| 920 | _a83-89246-71-6 | ||
| 942 | _cKS | ||
| 008 | s pl f |000 0 pol | ||
| 999 |
_c43738 _d43738 |
||
| 856 |
_uhttp://koha.tu.koszalin.pl/cgi-bin/koha/opac-detail.pl?biblionumber=43738 _yKatalog online BPK |
||